| Tag |
First Indicator |
Second Indicator |
Subfields |
| LEADER |
00000cam a2200000 i 4500 |
| 001 |
in00005635331 |
| 006 |
m o d |
| 007 |
cr |n|---||a|a |
| 008 |
770614s1957 enk o 000 0 eng d |
| 005 |
20250331201140.7 |
| 035 |
|
|
|a (OCoLC)ocn299074299
|
| 040 |
|
|
|a Nz
|b eng
|e pn
|c UX0
|d ALSTP
|d OCLCQ
|d OCLCF
|d OCLCO
|d AU@
|d OCLCQ
|d WYU
|d TKN
|d OCLCE
|d OCLCA
|d OCLCO
|d OCLCQ
|
| 019 |
|
|
|a 827909790
|a 1087008624
|a 1179482832
|
| 035 |
|
|
|a (OCoLC)299074299
|z (OCoLC)827909790
|z (OCoLC)1087008624
|z (OCoLC)1179482832
|
| 042 |
|
|
|a dlr
|
| 050 |
|
4 |
|a RC465
|b .P55
|
| 060 |
|
4 |
|a WM 40 P724 1957
|
| 082 |
0 |
4 |
|a 616.89
|
| 049 |
|
|
|a TXAM
|
| 245 |
0 |
4 |
|a The Plea for the silent /
|c With an introd. by Donald McI. Johnson and Norman Dodds.
|
| 260 |
|
|
|a London :
|b C. Johnson,
|c [1957]
|
| 300 |
|
|
|a 1 online resource (176 pages)
|
| 336 |
|
|
|a text
|b txt
|2 rdacontent
|
| 337 |
|
|
|a computer
|b c
|2 rdamedia
|
| 338 |
|
|
|a online resource
|b cr
|2 rdacarrier
|
| 588 |
0 |
|
|a Print version record.
|
| 538 |
|
|
|a Master and use copy. Digital master created according to Benchmark for Faithful Digital Reproductions of Monographs and Serials, Version 1. Digital Library Federation, December 2002.
|u http://purl.oclc.org/DLF/benchrepro0212
|5 MiAaHDL
|
| 583 |
1 |
|
|a digitized
|c 2020.
|h HathiTrust Digital Library
|l committed to preserve
|2 pda
|5 MiAaHDL
|
| 650 |
|
0 |
|a Psychology, Pathological
|v Case studies.
|
| 650 |
|
0 |
|a Psychology, Pathological.
|
| 650 |
|
2 |
|a Psychopathology
|
| 650 |
|
6 |
|a Psychopathologie
|v Études de cas.
|
| 650 |
|
6 |
|a Psychopathologie.
|
| 650 |
|
7 |
|a Psychology, Pathological.
|2 fast
|0 (OCoLC)fst01081609
|
| 655 |
|
7 |
|a Electronic books.
|2 local
|
| 655 |
|
7 |
|a Case studies.
|2 fast
|0 (OCoLC)fst01423765
|
| 655 |
|
7 |
|a Case studies.
|2 lcgft
|
| 655 |
|
7 |
|a Études de cas.
|2 rvmgf
|
| 700 |
1 |
|
|a Johnson, Donald McIntosh.
|
| 710 |
2 |
|
|a Alexander Street (Firm)
|
| 776 |
0 |
8 |
|i Print version:
|t Plea for the silent.
|d London : C. Johnson, [1957]
|w (DLC) 57042104
|
| 830 |
|
0 |
|a Counseling and psychotherapy transcripts, client narratives, and reference works.
|
| 856 |
4 |
0 |
|u http://proxy.library.tamu.edu/login?url=https://www.aspresolver.com/aspresolver.asp?PSYC;1000086817
|z Connect to the full text of this electronic book
|t 0
|
| 936 |
|
|
|a BATCHLOAD
|
| 955 |
|
|
|a Alexander Street - Counseling and Psychotherapy Transcripts
|
| 994 |
|
|
|a 92
|b TXA
|
| 999 |
f |
f |
|s 1cdee6fc-a2f8-41f3-b3e1-a05cdd73a375
|i ef69ef77-cbd1-4eb8-926b-748f0bebaa8e
|t 0
|
| 952 |
f |
f |
|a Texas A&M University
|b College Station
|c Electronic Resources
|d Available Online
|t 0
|e RC465 .P55
|h Library of Congress classification
|
| 998 |
f |
f |
|a RC465 .P55
|t 0
|l Available Online
|